Stochastic processes

Saved in:
Bibliographic Details
Main Author: Ross, Sheldon M (Author)
Format: Book
Language:English
Published: Boston John Wiley and Sons 1996
Edition:2a. ed
Series:Wiley Series in Probability and Mathematical Statistics
Subjects:
Tags: Add Tag
No Tags, Be the first to tag this record!

MARC

LEADER 00000cam a2200000 a 4500
001 UCD3215
003 CL-VaPUC
008 160526e19960000us |||||||||||||||||eng|d
020 |a 9780471120629 
020 |a 0471120626 
082 0 4 |a 519.23  |b ROS  |2 21 
100 0 |a Ross, Sheldon M  |e author  |9 586575 
245 1 0 |a Stochastic processes 
250 |a 2a. ed 
300 |a 510 p 
942 |c BK 
945 |d 20160526 21:26:00  |a arojas 
260 |a Boston  |b John Wiley and Sons  |c 1996 
650 0 |a Procesos estocásticos   |9 260364 
650 7 |a PROCESOS NUMERICOS  |2 CL-VaPUC  |9 424762 
650 0 |a Teoría de probabilidades   |9 336944 
583 |a last modification  |c 20160526 21:26:00  |k Rodrigo Vera 
490 0 |a Wiley Series in Probability and Mathematical Statistics 
999 |c 364252  |d 364250 
952 |0 0  |1 0  |3 erd  |4 0  |6 519_230000000000000_ROS_1996  |7 0  |8 A  |9 477231  |a BIBMAT  |b BIBMAT  |i 5287936  |o 519.23 ROS 1996  |p 5287936  |r 2025-01-07  |w 2019-11-24  |y BK  |z Catalogado en:20160526  |k MAT